000 00471nam a2200169Ia 4500
005 20250109051611.0
008 240331s9999 xx 000 0 und d
020 _a812060444X
082 _bSub
_a934
100 _aSubramanian, K.R
245 0 _aBuddhist remains in Andhra and the history of Andhra
_bbetween 225 & 610 A.D.
260 _aNew Delhi
_bAsian Educational Services
_c1932
300 _aXXV, 186 p .,
650 _aBuddhism
650 _aHistory
942 _cL
999 _c3426
_d3426